000 00240nam a22000857a 4500
008 160818b xxu||||| |||| 00| 0 eng d
100 _9167
_aBlyton E
245 _aThe famous five on a treasure Island-1
260 _aLondon
_bHodder publication
_c2004
999 _c2825
_d2825